00986nab a2200205 i 4500001000400000003000400004005001700008008003900025040000800064041001300072080000700085100015200092245010400244260001000348500002100358520023600379650001500615650002300630773012700653BPPBPK20150508090353.0150507s1985 pl | | |000 ||pol cBPK apolapol a63 aMIELEWCZYK, Stefan.d1979 - 1996.bWyższa Szkoła Inżynierska w Koszalinie - Wydział Inżynierii Lądowej i Sanitarnej,cZakład Geotechniki aUzupełniająca rola rolnictwa w strefie nadmorskiej Wybrzeża Środkowego /cStefan Mielewczyk. c1985. aDane z autopsji. aPrzeprowadzone przez autora badania ankietowe wykazały większą funkcję rekreacyjną w strefie nadmorskiej Wybrzeża Środkowego. Rolnictwo, reprezentowane przez gospodarstwa indywidualne, pełni rolę uzupełniającą. 0aRolnictwo. 0aPomorze Zachodnie. iW :tKoszalińskie Studia i Materiały. -dKoszalin : Koszaliński Ośrodek Naukowo-Badawczy, 1985. -gnr 4, s. 141-148